|
|
|
|
| LEADER |
00000nab a2200000 a 4500 |
| 001 |
vtls008984635 |
| 003 |
SK-MaSNL |
| 005 |
20260305012532.0 |
| 008 |
250505c2006 xo qr|p|||||||000 b|slo |
| 015 |
|
|
|a SNBRB2007/04
|2 snkbucl
|
| 035 |
|
|
|a (uuid)678557cd-b147-44bd-a2cc-389ebc1fc349
|
| 035 |
|
|
|a urn:nbn:sk:snk-ab101r
|
| 035 |
|
|
|a (urnnbn)urn:nbn:sk:snk:ar-a039zh
|
| 038 |
|
|
|a SNKBUCL
|
| 040 |
|
|
|a SNKBUCL
|b slo
|c SNKBUCL
|e AACR2
|
| 041 |
0 |
|
|a slo
|
| 044 |
|
|
|a xo
|c SK
|
| 080 |
|
|
|a 316.344.8(=411.16)(048)
|2 1997
|
| 080 |
|
|
|a 323.12
|2 1997
|
| 080 |
|
|
|a 94(437)(048)
|2 1997
|
| 100 |
1 |
|
|a Salner, Peter,
|d 1951-
|4 aut
|9 100837
|
| 245 |
1 |
0 |
|a Soukupová, Blanka: Velké a malé českožidovské příběhy z doby intenzivní naděje
|c Peter Salner
|
| 650 |
0 |
7 |
|a antisemitizmus
|2 snkbucl
|9 4246
|
| 650 |
0 |
7 |
|a sionizmus
|2 snkbucl
|9 14992
|
| 650 |
0 |
7 |
|a židovstvo
|2 snkbucl
|9 3761
|
| 650 |
0 |
7 |
|a etnické vzťahy
|2 snkbucl
|9 3862
|
| 651 |
|
7 |
|a Československo
|x dejiny
|2 snkbucl
|9 161432
|
| 655 |
|
7 |
|a recenzie
|2 snkbucl
|9 21907
|
| 773 |
0 |
|
|t Slovenský národopis
|g Roč. 54, č. 2 (2006), s. 266-267
|x 1335-1303
|
| 787 |
0 |
8 |
|i Rec.:
|a Soukupová, Blanka, 1965-
|t Velké a malé českožidovské příběhy z doby intenzivní naděje
|d Bratislava: Nakldatelství Zing Print, 2005
|z 80-88997-24-0
|
| 850 |
|
|
|a Slovenská národná knižnica
|
| 852 |
|
|
|a Slovenská národná knižnica
|
| 954 |
|
|
|a odborná, vedecká literatúra pôvodná (slovenská)
|2 lita
|
| 958 |
|
|
|a article27
|
| 958 |
|
|
|a RC
|
| 958 |
|
|
|a OND
|
| 958 |
|
|
|a EUIPO
|
| 999 |
|
|
|c 3257974
|d 3259904
|